distretti di Hunger Games - Statistics

Statistiche generali
  • Questo quiz è stato fatto 63 volte
  • Il punteggio medio è 6 su 13
Statistiche sulle risposte
distretto prodotto % Corretto
12 carbone
94%
4 pesca
68%
7 legna
64%
11 agricoltura
62%
3 elettronica
53%
1 lusso
49%
9 cereali
45%
5 energia
40%
10 carne
34%
6 mezzi di trasporto
26%
13 energia nucleare
19%
8 industria tessile
19%
2 costruzione di armi
6%
Nessun quiz corrispondente trovato
Distribuzione punteggi
Percentuale di utenti per punteggio
Percentile per numero di risposta
I tuoi punteggi nel tempo
Non hai fatto questo quiz